LEADER 01264nam 2200361Ia 450 001 996391000203316 005 20221108040825.0 035 $a(CKB)1000000000662421 035 $a(EEBO)2240948225 035 $a(OCoLC)12176917 035 $a(EXLCZ)991000000000662421 100 $a19850619d1641 uy | 101 0 $aeng 135 $aurbn||||a|bb| 200 10$aObservations vpon historie$b[electronic resource] /$fby W.H., Esq 210 $aLondon $cPrinted by T. Cotes for Will. Cooke ...$d1641 215 $a[10], 161, [1] p 300 $aAttributed to William Habington. Cf. Halkett & Laing (2nd ed.). 300 $a"Imprimatur Tho. Wykes, Novemb. 12, 1640"--P. [1] at end. 300 $aTitle page vignette. 300 $aSix unrelated essays on: Henry II and Richard I of England, the battle of Varna, the fall of Constantinople, Louis XI and Charles V of France. 300 $aReproduction of original in Huntington Library. 330 $aeebo-0113 607 $aEurope$xHistory$y476-1492 700 $aHabington$b William$f1605-1654.$01008566 801 0$bEAA 801 1$bEAA 801 2$bm/c 801 2$bWaOLN 906 $aBOOK 912 $a996391000203316 996 $aObservations vpon historie$92338493 997 $aUNISA